| 000 | 01579cam a22004454i 4500 | ||
|---|---|---|---|
| 003 | PE-LiUPU | ||
| 005 | 20250731172749.0 | ||
| 008 | 150617s r 000 0 d | ||
| 035 | _a(Sirsi) a12427 | ||
| 040 |
_aPE-LiUPU _bspa _cPE-LiUPU _erda |
||
| 049 | _aPRUA | ||
| 082 | 0 | 4 |
_a226.5 _bV28 _221 |
| 100 | 1 |
_aVan Den Bussche, Henri, _eautor. |
|
| 245 | 1 | 3 |
_aEl evangelio según San Juan / _cHenri Van Den Bussche. |
| 264 | 1 |
_aMadrid : _bEdiciones estvdivm, _c1972. |
|
| 300 |
_a273 páginas ; _c21 cm. |
||
| 336 |
_atext _2rdacontent |
||
| 337 |
_aunmediated _2rdamedia |
||
| 338 |
_avolume _2rdacarrier |
||
| 505 | 0 | _aAutenticidad, carácter propio y valor histórico -- Unidad literaria y composición -- El libro de los signos -- El libro de las obras -- El libro de los adioses -- El libro de la pasión. | |
| 526 | _aSEG42 | ||
| 526 | _aSEG41 | ||
| 526 | _aSEG40 | ||
| 526 | _aSEG39 | ||
| 526 | _aP94 | ||
| 526 | _aP87 | ||
| 526 | _aP86 | ||
| 526 | _aP85 | ||
| 526 | _aP77 | ||
| 526 | _aP76 | ||
| 526 | _aP35 | ||
| 630 |
_aBiblia _pN.T. _pJuan _xComentarios. |
||
| 910 |
_ajck _bjvq _cjck _d20150616 |
||
| 942 |
_2ddc _cBOOK |
||
| 949 |
_a226.5 V28 _wDEWEY _c1 _i14229 _lCCODEBUL1 _mBUL _p00.00 _r0 _sY _tBOOK _u19751127 _xTEOLOGIA _PP35 _0COMPRA _o.STAFF. Colección general |
||
| 994 |
_aC0 _bPEPRU |
||
| 596 | _a1 | ||
| 999 |
_a226.5 V28 _wDEWEY _c2684 _i14229 _d2684 _f2021-11-9 _g5 _lCCODEBUL1 _mBUL _q1 _r0 _sY _tBOOK _u2015-6-17 _xTEOLOGIA _PP35 _0COMPRA _o.STAFF. Colección general |
||
| 980 |
_81 _gALBERTO SANCHEZ Responsable de Automatización |
||